Институциональные условия межрегионального сотрудничества в сфере инновационной деятельности; Управление инновациями: теория, методология, практика; № 11

Dettagli Bibliografici
Parent link:Управление инновациями: теория, методология, практика.— , 2012-
№ 11.— 2014.— [С. 19-23]
Autore principale: Бурец Ю. С. Юлия Сергеевна
Ente Autore: Национальный исследовательский Томский политехнический университет (ТПУ) Институт социально-гуманитарных технологий (ИСГТ) Кафедра менеджмента (МЕН)
Riassunto:Заглавие с экрана
В статье обоснована необходимость формирования институциональных условий для реализации подхода открытых инноваций при межрегиональном взаимодействии. Представлены две группы условий и рассмотрены их отдельные аспекты.
Режим доступа: по договору с организацией-держателем ресурса
Lingua:russo
Pubblicazione: 2014
Soggetti:
Accesso online:http://elibrary.ru/item.asp?id=22563380
Natura: Elettronico Capitolo di libro
KOHA link:https://koha.lib.tpu.ru/cgi-bin/koha/opac-detail.pl?biblionumber=645282

MARC

LEADER 00000nla0a2200000 4500
001 645282
005 20250321134744.0
035 |a (RuTPU)RU\TPU\network\10366 
090 |a 645282 
100 |a 20151215d2014 k||y0rusy50 ca 
101 0 |a rus 
102 |a RU 
135 |a drcn ---uucaa 
181 0 |a i  
182 0 |a b 
200 1 |a Институциональные условия межрегионального сотрудничества в сфере инновационной деятельности  |f Ю. С. Бурец 
203 |a Текст  |c электронный 
300 |a Заглавие с экрана 
320 |a [Библиогр.: с. 23 (8 назв.)] 
330 |a В статье обоснована необходимость формирования институциональных условий для реализации подхода открытых инноваций при межрегиональном взаимодействии. Представлены две группы условий и рассмотрены их отдельные аспекты. 
333 |a Режим доступа: по договору с организацией-держателем ресурса 
461 |t Управление инновациями: теория, методология, практика  |d 2012- 
463 |t № 11  |v [С. 19-23]  |d 2014 
610 1 |a электронный ресурс 
610 1 |a труды учёных ТПУ 
610 1 |a открытые инновации 
610 1 |a инновационная политика 
610 1 |a межрегиональные взаимодействия 
700 1 |a Бурец  |b Ю. С.  |c экономист  |c ассистент Томского политехнического университета  |f 1990-  |g Юлия Сергеевна  |3 (RuTPU)RU\TPU\pers\35714 
712 0 2 |a Национальный исследовательский Томский политехнический университет (ТПУ)  |b Институт социально-гуманитарных технологий (ИСГТ)  |b Кафедра менеджмента (МЕН)  |3 (RuTPU)RU\TPU\col\18855 
801 2 |a RU  |b 63413507  |c 20151215  |g RCR 
856 4 |u http://elibrary.ru/item.asp?id=22563380 
942 |c CF